| 000 -Record Label |
| fixed length control field |
00496cam a2200193 04500 |
| 005 - Version Identifier |
| control field |
20170524180502.0 |
| 100 ## - General Processing Data |
| General Processing Data |
19920723d1980 m y0pory5003 ba |
| 200 1# - Title and Statement of Responsibility |
| Title Proper |
A segunda dama |
| First Statement of Responsibility |
Irving Wallace |
| 210 ## - Publication, Distribution, etc. |
| Place of Publication, Distribution, etc. |
Livros |
| Name of Publisher, Distributor, etc. |
Livros do Brasil, |
| Date of Publication, Distribution, etc. |
cop. 1980 |
| 215 ## - Physical Description |
| Specific Material Designation and Extent of Item |
330 p |
| 225 2# - Series |
| Series Title |
Dois mundos |
| Volume Designation |
149 |
| 600 ## - Personal Name Used as Subject |
| Entry Element |
Irving Wallace |
| 601 ## - Corporate Body Name Used as Subject |
| Entry Element |
Livros do Brasil, |
| 675 ## - Universal Decimal Classification (UDC) |
| Number |
82-311.3 |
| Edition |
BN |
| Language of Edition |
por |
| 700 #1 - Personal Name - Primary Responsibility |
| Entry Element |
Wallace, |
| Part of Name Other than Entry Element |
Irving, |
| Dates |
1916-1990 |
| 801 #0 - Originating Source |
| Country |
PT |
| Agency |
BN |
| Cataloguing Rules (Descriptive Conventions) |
RPC |
| 090 ## - System Control Numbers (Koha) |
| Koha biblioitem number (autogenerated) |
1727 |
| 942 ## - ADDED ENTRY ELEMENTS (KOHA) |
| Koha item type |
Books |